LEADER 01800nam a2200277 i 4500 001 000000027881 003 CaOOAMICUS 005 20230516144958.0 008 180830s1719 it u000 u ita u 040 $aSeMil$bita 100 1 $aHenno, Franciscus.$0(OLS)http://semarc/name/12693 245 10$aR.P.F. Francisci Henno ... Theologia dogmatica, moralis et scholastica in duos tomos divisa. Opus principiis thomisticis, & scotisticis, quantùm licuit, accommodatum, complectensque casus omnes obvios ex firmis scripturae, conciliorum, canonum, & .. 260 $aVenetiis :$bApud Antonium Bortoli,$c1719. 300 $a2 v. ;$cfol. 500 $aTesto su due colonne 500 $aFregio xilogr. sui front. 500 $aIniz., fregi xilogr. 500 $aCors. ; rom. 650 4$aTeologia - Testi - Sec. 17.$0(OLS)http://semarc/subject/2241 650 4$aTeologia dogmatica - Opere anteriori al 1900.$0(OLS)http://semarc/subject/320 700 1 $aBortoli, Antonio,$c.$0(OLS)http://semarc/name/4614 774 0 $aHenno, Franciscus$tTomus primus complectens tractatus de Deo trino, & uno, de vitiis, & virtutibus de actibus humanis, & in decalogi praecepta.$g1$w()48632 774 0 $aHenno, Franciscus$tTomus secundus complectens Tractatus de restitutione, jure & justitia, ac statu religioso, verbi divini incarnatione, nec non de sacramentis in genere & specie.$g2$w()217866 996 $6245$aR.P.F. Francisci Henno ... Theologia dogmatica, moralis et scholastica in duos tomos divisa. Opus principiis thomisticis, & scotisticis, quantùm licuit, accommodatum, complectensque casus omnes obvios ex firmis scripturae, conciliorum, canonum, & ..$9(OLS)http://semarc/title/37787 996 $6260$aVenetiis :$bApud Antonium Bortoli$9(OLS)http://semarc/publisher/34960 LEADER 01882nam a2200349 i 4500 001 000000349912 003 CaOOAMICUS 005 20251231075442.0 008 220404s2021 be u000 u eng u 020 $a978-90-429-4459-6 040 $aSeMil$bita 041 1 $aeng$aarm 100 0 $aStep?annos : Siwnec?i,$d<685?-735>.$0(OLS)http://semarc/name/115722 245 14$aThe Genesis commentary by Step'anos of Siwnik' (dub.) /$cedition, translation and comments by Michael E. Stone ; with additional annotations by Sh. Efrati. 264 1$aLovanii :$bIn aedibus Peeters,$c2021. 300 $aXIII, 229 p. ;$c25 cm 490 1 $aCorpus Scriptorum Christianorum Orientalium. Scriptores Armeniaci ;$v32 490 1 $aCorpus Scriptorum Christianorum Orientalium ;$v695 504 $aBibliographie, p. [IX]-XIII 546 $aTesto armeno e traduzione inglese a fronte 650 4$aBibbia. Antico Testamento. Genesi - Traduzioni armene.$0(OLS)http://semarc/subject/52024 650 4$aBibbia. Antico Testamento. Genesi - Commentari, studi, critica, interpretazioni.$0(OLS)http://semarc/subject/344 700 1 $aStone, Michael Edward,$d<1938- >.$0(OLS)http://semarc/name/10074 700 1 $aEfrati, Mosheh Zevi.$0(OLS)http://semarc/name/115723 830 0$aCorpus Scriptorum Christianorum Orientalium ;$v695.$0(OLS)http://semarc/title/77 830 0$aCorpus Scriptorum Christianorum Orientalium. Scriptores Armeniaci ;$v32.$0(OLS)http://semarc/title/9541 850 $aSeMil 852 $aSeMil$W1$xVenegono$y1$m2TA A 695$j232228$B240944$CSeMilBibl$Z2$F240944 $81 996 $6020$a978-90-429-4459-6$9(OLS)http://semarc/number/295634 996 $6245$aThe Genesis commentary by Step'anos of Siwnik' (dub.)$9(OLS)http://semarc/title/439569 996 $6264$aLovanii :$bIn aedibus Peeters$9(OLS)http://semarc/publisher/30114